| 000 | 01375nam a22002777a 4500 | ||
|---|---|---|---|
| 999 |
_c22166 _d22166 |
||
| 003 | AR-CdUCM | ||
| 008 | 190425b ||||| |||| 00| 0 spa d | ||
| 040 |
_aMUNICIPALIDAD PROVINCIAL DEL CUSCO _cBIBLIOTECA MUNICIPAL DEL CUSCO |
||
| 082 | _aOropesa/N°51/2004 | ||
| 245 |
_aOropesa : _brevista de cultura y educación de opinión y crítica / _cAmérico Valer Vargas, Director |
||
| 260 |
_aCusco. _bPantigozo, _c2004. |
||
| 300 |
_a22 páginas. : _bilustraciones ; _c30 cm. |
||
| 440 |
_aOropesa. _nAño XXIII, N°LI, octubre 2004. _947585 |
||
| 505 | _aContenido: Alto a la privatización de nuestros recursos y empresas. -- Intihuatana exige justicia. -- Region Cusco excluido del proceso de Macro regionalización. -- Teorías sobre el verdadero origen del quechua. -- T´anta Raymi oropesano y sus 12 años de historia. -- Huasao y la salud. -- Y la búsqueda de nuestra identidad base del indigenismo del siglo XX. Emeteria Uñapilco. | ||
| 650 |
_aPolítica cusqueña _947381 |
||
| 650 |
_aCultura andina _947570 |
||
| 650 |
_aSociedad cusqueña _947493 |
||
| 650 |
_aMedicina tradicional _914646 |
||
| 650 |
_aSiglo XX _947561 |
||
| 700 |
_aValenzuela Lovón, Armando _91192 |
||
| 700 |
_aSolórzano Arenas, Víctor Manuel _947584 |
||
| 700 |
_aSaloma Gonzáles, Adolfo _947572 |
||
| 700 |
_aUñapilco Roca, Emeteria _947575 |
||
| 942 |
_2ddc _cPP |
||
| 945 | _arac | ||